American education : the good, the bad, and the task (Record no. 62310)

MARC details
000 -CABECERA
campo de control de longitud fija 00666nam a2200241 a 4500
005 - FECHA Y HORA DE LA ÚLTIMA TRANSACCIÓN
campo de control 20210219152848.0
008 - ELEMENTOS DE LONGITUD FIJA--INFORMACIÓN GENERAL
campo de control de longitud fija 991125n 000 0 eng u
035 ## - NÚMERO DE CONTROL DEL SISTEMA
Número de control de sistema UPN01000063866
100 ## - ASIENTO PRINCIPAL--NOMBRE PERSONAL
Nombre de persona Hodgkinson, Harold
222 ## - TÍTULO CLAVE
Título clave PHI DELTA KAPPAN
245 ## - MENCIÓN DE TÍTULO
Título American education : the good, the bad, and the task
300 ## - DESCRIPCIÓN FÍSICA
Extensión 619-623
362 ## - FECHAS DE PUBLICACIÓN Y/O DESIGNACIÓN SECUENCIAL
Fecha de publicación y/o designación secuencial 1993 74, No. 8
505 ## - NOTA DE CONTENIDO CON FORMATO PREESTABLECIDO
Nota de contenido con formato Agosto 1993
653 0# - TERMINO DE INDIZACION - NO CONTROLADO
Término no controlado DEMOGRAFIA ESCOLAR
653 0# - TERMINO DE INDIZACION - NO CONTROLADO
Término no controlado EDUCACION COMPARADA
653 0# - TERMINO DE INDIZACION - NO CONTROLADO
Término no controlado ESTUDIANTES DE ALTO RIESGO
653 0# - TERMINO DE INDIZACION - NO CONTROLADO
Término no controlado GRUPOS MINORITARIOS
653 0# - TERMINO DE INDIZACION - NO CONTROLADO
Término no controlado RENDIMIENTO ACADEMICO
653 0# - TERMINO DE INDIZACION - NO CONTROLADO
Término no controlado STATUS SOCIOECONOMICO
904 ## - ELEMENTOS DE DATOS D LOCAL, LDD (RLIN)
a AC
b 001677
905 ## - TIPO DE MATERIAL
Tipo de material Articulo

No items available.